| 000 | 01259cam a2200361 a 4500 | ||
|---|---|---|---|
| 001 | 14180548 | ||
| 003 | OSt | ||
| 005 | 20230629083718.0 | ||
| 008 | 051125s2005 dcua b i000 0 eng d | ||
| 010 | _a 2005620700 | ||
| 020 | _a1589064356 (pbk.) | ||
| 035 | _a(OCoLC)ocm61103992 | ||
| 040 |
_aGHG _cGHG _dVP@ _dMUQ _dDLC |
||
| 042 | _alccopycat | ||
| 043 | _ad------ | ||
| 050 | 0 | 0 |
_aHG3753 _b.O354 2005 |
| 082 | 0 | 0 |
_a332.7/42 _222 _bWAN |
| 245 | 0 | 0 |
_aOfficially supported export credits in a changing world / _cprepared by Jian-Ye Wang ... [et al.]. |
| 260 |
_aWashington, D.C. : _bInternational Monetary Fund, _cc2005. |
||
| 300 |
_avii, 48 p. : _bcol. ill. ; _c28 cm. |
||
| 440 | 0 |
_aWorld economic and financial surveys, _x0258-7440 |
|
| 500 | _a"June 2005." | ||
| 504 | _aIncludes bibliographical references (p. 47-48). | ||
| 650 | 0 | _aExport credit. | |
| 650 | 0 |
_aExport credit _zDeveloping countries. |
|
| 650 | 6 | _aCrédit à l'exportation. | |
| 650 | 6 |
_aCrédit à l'exportation _zPays en voie de développement. |
|
| 700 | 1 | _aWang, Jian-Ye. | |
| 710 | 2 | _aInternational Monetary Fund. | |
| 906 |
_a7 _bcbc _ccopycat _d2 _eepcn _f20 _gy-gencatlg |
||
| 942 |
_2ddc _cBK |
||
| 999 |
_c2968 _d2968 |
||